<?xml version="1.0" encoding="UTF-8"?>
<record
    xmlns:xsi="http://www.w3.org/2001/XMLSchema-instance"
    xsi:schemaLocation="http://www.loc.gov/MARC21/slim http://www.loc.gov/standards/marcxml/schema/MARC21slim.xsd"
    xmlns="http://www.loc.gov/MARC21/slim">

  <leader>02015nam a22002417a 4500</leader>
  <controlfield tag="003">NALT</controlfield>
  <controlfield tag="005">20220124134517.0</controlfield>
  <controlfield tag="008">220124b        th ||||| |||| 00| 0 tha d</controlfield>
  <datafield tag="020" ind1=" " ind2=" ">
    <subfield code="a">9749414381</subfield>
  </datafield>
  <datafield tag="040" ind1=" " ind2=" ">
    <subfield code="a">NALT</subfield>
  </datafield>
  <datafield tag="050" ind1=" " ind2=" ">
    <subfield code="a">BQ 4570.S7</subfield>
    <subfield code="b">&#xE1E;349&#xE18; 2549</subfield>
  </datafield>
  <datafield tag="100" ind1="0" ind2=" ">
    <subfield code="9">16019</subfield>
    <subfield code="a">&#xE1E;&#xE23;&#xE30;&#xE1E;&#xE23;&#xE2B;&#xE21;&#xE04;&#xE38;&#xE13;&#xE32;&#xE20;&#xE23;&#xE13;&#xE4C; (&#xE1B;.&#xE2D;. &#xE1B;&#xE22;&#xE38;&#xE15;&#xE3A;&#xE42;&#xE15;)</subfield>
  </datafield>
  <datafield tag="245" ind1=" " ind2=" ">
    <subfield code="a">&#xE18;&#xE23;&#xE23;&#xE21;&#xE32;&#xE18;&#xE34;&#xE1B;&#xE44;&#xE15;&#xE22;&#xE44;&#xE21;&#xE48;&#xE21;&#xE32; &#xE08;&#xE36;&#xE07;&#xE2B;&#xE32;&#xE1B;&#xE23;&#xE30;&#xE0A;&#xE32;&#xE18;&#xE34;&#xE1B;&#xE44;&#xE15;&#xE22;&#xE44;&#xE21;&#xE48;&#xE40;&#xE08;&#xE2D; (&#xE08;&#xE38;&#xE14;&#xE1A;&#xE23;&#xE23;&#xE08;&#xE1A; : &#xE23;&#xE31;&#xE10;&#xE28;&#xE32;&#xE2A;&#xE15;&#xE23;&#xE4C; &#xE01;&#xE31;&#xE1A; &#xE19;&#xE34;&#xE15;&#xE34;&#xE28;&#xE32;&#xE2A;&#xE15;&#xE23;&#xE4C;) /</subfield>
    <subfield code="c">&#xE1E;&#xE23;&#xE30;&#xE1E;&#xE23;&#xE2B;&#xE21;&#xE04;&#xE38;&#xE13;&#xE32;&#xE20;&#xE23;&#xE13;&#xE4C; (&#xE1B;.&#xE2D;. &#xE1B;&#xE22;&#xE38;&#xE15;&#xE3A;&#xE42;&#xE15;).</subfield>
  </datafield>
  <datafield tag="250" ind1=" " ind2=" ">
    <subfield code="a">&#xE1E;&#xE34;&#xE21;&#xE1E;&#xE4C;&#xE04;&#xE23;&#xE31;&#xE49;&#xE07;&#xE17;&#xE35;&#xE48; 2</subfield>
  </datafield>
  <datafield tag="260" ind1=" " ind2=" ">
    <subfield code="a">&#xE01;&#xE23;&#xE38;&#xE07;&#xE40;&#xE17;&#xE1E;&#xE2F; :</subfield>
    <subfield code="b">&#xE1E;&#xE34;&#xE21;&#xE1E;&#xE4C;&#xE2A;&#xE27;&#xE22;,</subfield>
    <subfield code="c">2549.</subfield>
  </datafield>
  <datafield tag="300" ind1=" " ind2=" ">
    <subfield code="a">&#xE01;-&#xE08;, 85 &#xE2B;&#xE19;&#xE49;&#xE32; ;</subfield>
    <subfield code="c">21 &#xE0B;&#xE21;.</subfield>
  </datafield>
  <datafield tag="505" ind1=" " ind2=" ">
    <subfield code="a">&#xE40;&#xE02;&#xE32;&#xE44;&#xE25;&#xE48;&#xE19;&#xE32;&#xE22;&#xE01;&#xE2F; &#xE0A;&#xE32;&#xE27;&#xE1E;&#xE38;&#xE17;&#xE18;&#xE08;&#xE30;&#xE21;&#xE35;&#xE1A;&#xE17;&#xE1A;&#xE32;&#xE17;&#xE2D;&#xE30;&#xE44;&#xE23;&#xE14;&#xE35;&#xE40;&#xE1E;&#xE37;&#xE48;&#xE2D;&#xE17;&#xE38;&#xE01;&#xE01;&#xE32;&#xE25; &#xE44;&#xE21;&#xE48;&#xE43;&#xE0A;&#xE48;&#xE40;&#xE09;&#xE1E;&#xE32;&#xE30;&#xE01;&#xE34;&#xE08; -- &#xE15;&#xE31;&#xE14;&#xE2A;&#xE34;&#xE19;&#xE43;&#xE08;&#xE14;&#xE49;&#xE27;&#xE22;&#xE1B;&#xE31;&#xE0D;&#xE0D;&#xE32; &#xE42;&#xE14;&#xE22;&#xE21;&#xE35;&#xE40;&#xE08;&#xE15;&#xE19;&#xE32;&#xE40;&#xE1B;&#xE47;&#xE19;&#xE18;&#xE23;&#xE23;&#xE21; -- &#xE01;&#xE0E;&#xE04;&#xE19;&#xE17;&#xE33; &#xE01;&#xE31;&#xE1A; &#xE01;&#xE0E;&#xE41;&#xE2B;&#xE48;&#xE07;&#xE18;&#xE23;&#xE23;&#xE21; -- &#xE18;&#xE23;&#xE23;&#xE21;&#xE02;&#xE2D;&#xE07;&#xE19;&#xE31;&#xE01;&#xE1B;&#xE01;&#xE04;&#xE23;&#xE2D;&#xE07; &#xE01;&#xE31;&#xE1A; &#xE18;&#xE23;&#xE23;&#xE21;&#xE02;&#xE2D;&#xE07;&#xE19;&#xE31;&#xE01;&#xE18;&#xE38;&#xE23;&#xE01;&#xE34;&#xE08; -- &#xE08;&#xE30;&#xE1B;&#xE0F;&#xE34;&#xE23;&#xE39;&#xE1B;&#xE01;&#xE32;&#xE23;&#xE40;&#xE21;&#xE37;&#xE2D;&#xE07; &#xE1C;&#xE39;&#xE49;&#xE23;&#xE48;&#xE32;&#xE07;&#xE23;&#xE31;&#xE10;&#xE18;&#xE23;&#xE23;&#xE21;&#xE19;&#xE39;&#xE0D;&#xE15;&#xE49;&#xE2D;&#xE07;&#xE1E;&#xE31;&#xE12;&#xE19;&#xE32;&#xE1B;&#xE31;&#xE0D;&#xE0D;&#xE32;&#xE15;&#xE31;&#xE49;&#xE07;&#xE41;&#xE15;&#xE48;&#xE40;&#xE25;&#xE37;&#xE2D;&#xE01;&#xE15;&#xE31;&#xE49;&#xE07; &#xE22;&#xE31;&#xE19;&#xE23;&#xE48;&#xE32;&#xE07;&#xE23;&#xE31;&#xE10;&#xE18;&#xE23;&#xE23;&#xE21;&#xE19;&#xE39;&#xE0D; -- &#xE2B;&#xE19;&#xE17;&#xE32;&#xE07;&#xE2A;&#xE39;&#xE48;&#xE1B;&#xE23;&#xE30;&#xE0A;&#xE32;&#xE18;&#xE34;&#xE1B;&#xE44;&#xE15;&#xE22;&#xE17;&#xE35;&#xE48;&#xE40;&#xE1B;&#xE47;&#xE19;&#xE18;&#xE23;&#xE23;&#xE21; -- &#xE19;&#xE33;&#xE18;&#xE23;&#xE23;&#xE21;&#xE32;&#xE18;&#xE34;&#xE1B;&#xE44;&#xE15;&#xE22;&#xE21;&#xE32;&#xE43;&#xE2B;&#xE49;&#xE41;&#xE01;&#xE48;&#xE1B;&#xE23;&#xE30;&#xE0A;&#xE32;&#xE18;&#xE34;&#xE1B;&#xE44;&#xE15;&#xE22;</subfield>
  </datafield>
  <datafield tag="650" ind1=" " ind2="4">
    <subfield code="9">7007</subfield>
    <subfield code="a">&#xE1E;&#xE38;&#xE17;&#xE18;&#xE28;&#xE32;&#xE2A;&#xE19;&#xE32;&#xE01;&#xE31;&#xE1A;&#xE01;&#xE32;&#xE23;&#xE40;&#xE21;&#xE37;&#xE2D;&#xE07;</subfield>
  </datafield>
  <datafield tag="651" ind1=" " ind2="4">
    <subfield code="9">76</subfield>
    <subfield code="a">&#xE44;&#xE17;&#xE22;</subfield>
    <subfield code="x">&#xE01;&#xE32;&#xE23;&#xE40;&#xE21;&#xE37;&#xE2D;&#xE07;&#xE41;&#xE25;&#xE30;&#xE01;&#xE32;&#xE23;&#xE1B;&#xE01;&#xE04;&#xE23;&#xE2D;&#xE07;</subfield>
  </datafield>
  <datafield tag="850" ind1=" " ind2=" ">
    <subfield code="a">NALT</subfield>
  </datafield>
  <datafield tag="942" ind1=" " ind2=" ">
    <subfield code="2">lcc</subfield>
    <subfield code="c">GB</subfield>
  </datafield>
  <datafield tag="998" ind1=" " ind2=" ">
    <subfield code="c">kornsiririn</subfield>
    <subfield code="h">7560</subfield>
    <subfield code="j">7560</subfield>
    <subfield code="k"> &#xE01;&#xE23;&#xE28;&#xE34;&#xE23;&#xE34;&#xE23;&#xE34;&#xE19;&#xE17;&#xE23;&#xE4C;  &#xE23;&#xE31;&#xE15;&#xE19;&#xE2A;&#xE38;&#xE20;&#xE32;</subfield>
  </datafield>
  <datafield tag="999" ind1=" " ind2=" ">
    <subfield code="c">98994</subfield>
    <subfield code="d">98994</subfield>
  </datafield>
  <datafield tag="952" ind1=" " ind2=" ">
    <subfield code="0">0</subfield>
    <subfield code="1">0</subfield>
    <subfield code="2">lcc</subfield>
    <subfield code="4">0</subfield>
    <subfield code="7">0</subfield>
    <subfield code="8">CSEN</subfield>
    <subfield code="a">NALT</subfield>
    <subfield code="b">NALT</subfield>
    <subfield code="c">GEN</subfield>
    <subfield code="d">2022-01-24</subfield>
    <subfield code="o">BQ 4570.S7 &#xE1E;349&#xE18; 2549 &#xE09;.1</subfield>
    <subfield code="p">0100003160001</subfield>
    <subfield code="r">2022-07-08 00:00:00</subfield>
    <subfield code="w">2022-01-24</subfield>
    <subfield code="y">GB</subfield>
  </datafield>
</record>
